| 000 -LEADER |
| fixed length control field |
02007cam a2200397 a 4500 |
| 001 - CONTROL NUMBER |
| control field |
14685700 |
| 005 - DATE AND TIME OF LATEST TRANSACTION |
| control field |
20170105102917.0 |
| 008 - FIXED-LENGTH DATA ELEMENTS--GENERAL INFORMATION |
| fixed length control field |
070104s2007 nyu b 001 0 eng |
| 010 ## - LIBRARY OF CONGRESS CONTROL NUMBER |
| LC control number |
2007000062 |
| 015 ## - NATIONAL BIBLIOGRAPHY NUMBER |
| National bibliography number |
GBA700961 |
| Source |
bnb |
| 016 7# - NATIONAL BIBLIOGRAPHIC AGENCY CONTROL NUMBER |
| Record control number |
013634273 |
| Source |
Uk |
| 020 ## - INTERNATIONAL STANDARD BOOK NUMBER |
| International Standard Book Number |
9781403976390 |
| 020 ## - INTERNATIONAL STANDARD BOOK NUMBER |
| International Standard Book Number |
1403976392 |
| 035 ## - SYSTEM CONTROL NUMBER |
| System control number |
(OCoLC)ocm77829929 |
| 035 ## - SYSTEM CONTROL NUMBER |
| System control number |
(OCoLC)77829929 |
| Canceled/invalid control number |
(OCoLC)77541090 |
| 040 ## - CATALOGING SOURCE |
| Original cataloging agency |
DLC |
| Transcribing agency |
DLC |
| Modifying agency |
BAKER |
| -- |
C#P |
| -- |
YDXCP |
| -- |
IXA |
| -- |
VP@ |
| -- |
BTCTA |
| -- |
DMZ |
| -- |
NLGGC |
| -- |
UKM |
| -- |
MUQ |
| -- |
DLC |
| 050 00 - LIBRARY OF CONGRESS CALL NUMBER |
| Classification number |
JC423 |
| Item number |
.P436 2007 |
| 082 00 - DEWEY DECIMAL CLASSIFICATION NUMBER |
| Classification number |
320.5/57 |
| Edition number |
22 |
| 084 ## - OTHER CLASSIFICATION NUMBER |
| Classification number |
89.62 |
| Number source |
bcl |
| 100 1# - MAIN ENTRY--PERSONAL NAME |
| Personal name |
Phares, Walid, |
| Dates associated with a name |
1957- |
| 245 14 - TITLE STATEMENT |
| Title |
The war of ideas : |
| Remainder of title |
Jihad against democracy / |
| Statement of responsibility, etc. |
Walid Phares. |
| 250 ## - EDITION STATEMENT |
| Edition statement |
1st ed. |
| 260 ## - PUBLICATION, DISTRIBUTION, ETC. |
| Place of publication, distribution, etc. |
New York : |
| Name of publisher, distributor, etc. |
Palgrave Macmillan, |
| Date of publication, distribution, etc. |
2007. |
| 300 ## - PHYSICAL DESCRIPTION |
| Extent |
xxii, 266 p. ; |
| Dimensions |
25 cm. |
| 500 ## - GENERAL NOTE |
| General note |
Subtitle on spine: Jihadism against democracy. |
| 504 ## - BIBLIOGRAPHY, ETC. NOTE |
| Bibliography, etc. note |
Includes bibliographical references (p. [251]-260) and index. |
| 505 0# - FORMATTED CONTENTS NOTE |
| Formatted contents note |
The historical debates -- The antidemocracy axis -- Irreconcilable views -- The Jihadi War on international principles -- The assault on pluralism -- Democracy's pillars under attack -- Gender apartheid -- Jihadism waits out the Cold War: the first war of ideas, 1945-1990 -- Battles over minds: the second war of ideas, 1990-2001 -- The clash of futures: the third war of ideas, 2001-2006 -- The war on learning -- Inflaming hearts and fooling minds -- War on the messengers -- Conclusion. |
| 650 #0 - SUBJECT ADDED ENTRY--TOPICAL TERM |
| Topical term or geographic name entry element |
Democracy. |
| 650 #0 - SUBJECT ADDED ENTRY--TOPICAL TERM |
| Topical term or geographic name entry element |
Jihad. |
| 856 42 - ELECTRONIC LOCATION AND ACCESS |
| Materials specified |
Publisher description |
| Uniform Resource Identifier |
<a href="http://www.loc.gov/catdir/enhancements/fy0708/2007000062-d.html">http://www.loc.gov/catdir/enhancements/fy0708/2007000062-d.html</a> |
| 856 42 - ELECTRONIC LOCATION AND ACCESS |
| Materials specified |
Contributor biographical information |
| Uniform Resource Identifier |
<a href="http://www.loc.gov/catdir/enhancements/fy0708/2007000062-b.html">http://www.loc.gov/catdir/enhancements/fy0708/2007000062-b.html</a> |
| 856 41 - ELECTRONIC LOCATION AND ACCESS |
| Materials specified |
Table of contents only |
| Uniform Resource Identifier |
<a href="http://www.loc.gov/catdir/toc/ecip078/2007000062.html">http://www.loc.gov/catdir/toc/ecip078/2007000062.html</a> |
| 906 ## - LOCAL DATA ELEMENT F, LDF (RLIN) |
| a |
7 |
| b |
cbc |
| c |
orignew |
| d |
1 |
| e |
ecip |
| f |
20 |
| g |
y-gencatlg |
| 942 ## - ADDED ENTRY ELEMENTS (KOHA) |
| Source of classification or shelving scheme |
|
| Koha item type |
Book |